[Event "Tata Steel Chess 2012 GM-C"]
[Site "Wijk aan Zee NED"]
[Date "2012.01.29"]
[Round "13.5"]
[White "Ootes, Lars"]
[Black "Paehtz, Elisabeth"]
[Result "0-1"]
[WhiteElo "2326"]
[BlackElo "2454"]
[PlyCount "124"]
[EventDate "2012.01.14"]
[EventType "tourn"]
[EventRounds "13"]
[EventCountry "NED"]
[EventCategory "9"]
[Source "lmi"]
[SourceDate "2012.01.14"]

1. e4 e5 2. Nf3 Nc6 3. Bb5 a6 4. Ba4 Nf6 5. O-O Be7 6. Re1 b5 7. Bb3 d6 8. c3
O-O 9. h3 Na5 10. Bc2 c5 11. d4 Qc7 12. Nbd2 Be6 13. d5 Bd7 14. b3 c4 15. b4
Nb7 16. a3 a5 17. Rb1 g6 18. Nf1 Rfe8 19. Ng3 Bf8 20. Nh2 Bg7 21. Bg5 Kh8 22.
Qd2 axb4 23. axb4 Ra2 24. Rec1 Ng8 25. Ra1 Rea8 26. Qd1 Qc8 27. h4 Bh6 28. Rxa2
Rxa2 29. Bxh6 Nxh6 30. Qd2 Ng8 31. h5 Qf8 32. Nhf1 f5 33. hxg6 f4 34. g7+ Qxg7
35. Nf5 Bxf5 36. exf5 Nf6 37. Qd1 Nd8 38. Nd2 Qa7 39. Qe1 Nf7 40. Ne4 Nxe4 41.
Qxe4 Ng5 42. Qe2 f3 43. Qe3 Qxe3 44. fxe3 e4 45. Kf2 Kg7 46. gxf3 exf3 47. e4
Nxe4+ 48. Kxf3 Nxc3 49. Be4 Ra3 50. Rg1+ Kf6 51. Rh1 Ke5 52. Bc2 Nxd5+ 53. Kf2
Ra2 54. Re1+ Kf6 55. Re6+ Kf7 56. Rxd6 Rxc2+ 57. Kf3 Rc3+ 58. Ke4 Re3+ 59. Kd4
Ne7 60. Rb6 Nxf5+ 61. Kd5 Rd3+ 62. Kc5 Nd4 0-1

[Event "Tata Steel Chess 2012 GM-C"]
[Site "Wijk aan Zee NED"]
[Date "2012.01.29"]
[Round "13.6"]
[White "Tikkanen, Hans"]
[Black "Tania, Sachdev"]
[Result "1/2-1/2"]
[WhiteElo "2549"]
[BlackElo "2411"]
[PlyCount "125"]
[EventDate "2012.01.14"]
[EventType "tourn"]
[EventRounds "13"]
[EventCountry "NED"]
[EventCategory "9"]
[Source "lmi"]
[SourceDate "2012.01.14"]

1. c4 c5 2. g3 Nc6 3. Bg2 g6 4. Nf3 e5 5. Nc3 Bg7 6. a3 Nge7 7. O-O O-O 8. Ne1
d6 9. Nc2 Be6 10. Ne3 a5 11. Ned5 Rb8 12. d3 h6 13. Rb1 Bd7 14. Ne4 Nxd5 15.
cxd5 Nd4 16. Nxd6 Bg4 17. f3 Bxf3 18. exf3 Qxd6 19. f4 Rfe8 20. Kh1 h5 21. Qe1
a4 22. Qf2 Qd7 23. Be3 exf4 24. Qxf4 b6 25. Bxd4 Bxd4 26. b3 axb3 27. Rxb3 b5
28. Be4 Rb6 29. Rbb1 Rf6 30. Qg5 Rxf1+ 31. Rxf1 Bg7 32. Qf4 Re5 33. Bg2 Rf5 34.
Qb8+ Kh7 35. Rxf5 Qxf5 36. Qxb5 Qf2 37. Qb1 h4 38. gxh4 Qxh4 39. Qf1 f5 40. Qe2
Qf4 41. Qf3 Be5 42. Qxf4 Bxf4 43. a4 Bc7 44. d6 Bxd6 45. a5 Kg7 46. a6 Bb8 47.
Bc6 g5 48. Kg2 Kf6 49. Bd7 g4 50. Kf2 Kg5 51. Kg2 f4 52. Bc6 Ba7 53. h3 gxh3+
54. Kxh3 Kf5 55. Be4+ Ke5 56. Bh7 Kd4 57. Kg2 Ke3 58. Kf1 f3 59. Bg6 f2 60. Bh7
Bb6 61. Bg6 Ba7 62. Bh7 Bb6 63. Bg6 1/2-1/2

[Event "Tata Steel Chess 2012 GM-C"]
[Site "Wijk aan Zee NED"]
[Date "2012.01.29"]
[Round "13.7"]
[White "Grover, Sahaj"]
[Black "Sadler, Matthew D"]
[Result "1/2-1/2"]
[WhiteElo "2532"]
[BlackElo "2660"]
[PlyCount "164"]
[EventDate "2012.01.14"]
[EventType "tourn"]
[EventRounds "13"]
[EventCountry "NED"]
[EventCategory "9"]
[Source "lmi"]
[SourceDate "2012.01.14"]

1. d4 e6 2. c4 b6 3. e4 Bb7 4. Bd3 Nc6 5. Ne2 Nb4 6. Nbc3 Nxd3+ 7. Qxd3 Ne7 8.
d5 d6 9. f4 Qd7 10. O-O Ng6 11. Qg3 Be7 12. f5 exf5 13. exf5 Ne5 14. b4 O-O-O
15. Be3 Nxc4 16. Bd4 Rde8 17. Qxg7 Bd8 18. Qg3 Rhg8 19. Qd3 Ne5 20. Bxe5 Rxe5
21. Nd4 Bg5 22. Kh1 Be3 23. Nf3 Ree8 24. a4 a6 25. Rae1 Bh6 26. b5 a5 27. Ne4
Qd8 28. h3 Kb8 29. Re2 Ka7 30. Qc4 Bg7 31. Rc1 Kb8 32. f6 Bh6 33. Rcc2 Qd7 34.
Nd4 Bf4 35. Nc6+ Bxc6 36. bxc6 Qc8 37. Rb2 Rxg2 38. Rxg2 Qxh3+ 39. Kg1 Be3+ 40.
Nf2 Bxf2+ 41. Rbxf2 Re1+ 42. Rf1 Qe3+ 43. Kh2 Qh6+ 44. Kg3 Qg5+ 45. Kh3 Qh5+
46. Qh4 Qxh4+ 47. Kxh4 Rxf1 48. Rg8+ Ka7 49. Rc8 Rxf6 50. Kg5 Rg6+ 51. Kf5 h5
52. Rxc7+ Kb8 53. Rxf7 Rh6 54. Kg5 Rh8 55. Kh4 Re8 56. Rd7 Re4+ 57. Kh3 Rxa4
58. Rxd6 Rc4 59. Rd7 Kc8 60. Rb7 Rc5 61. Rxb6 Rxd5 62. Ra6 Kc7 63. Kh4 Rc5 64.
Kh3 Kd6 65. Kh4 Re5 66. Kh3 Rf5 67. Kh4 Kc7 68. Kh3 Rf3+ 69. Kh4 Rf5 70. Kh3
Re5 71. Kh4 Rd5 72. Kh3 Rd3+ 73. Kh4 Ra3 74. Kxh5 a4 75. Kg4 Kd6 76. Kf4 Ra1
77. Ke3 a3 78. Kd2 a2 79. Kc2 Rh1 80. Rxa2 Rh2+ 81. Kb3 Rxa2 82. Kxa2 Kxc6
1/2-1/2